[Event "Manaus op 2nd"]
[Site "Manaus"]
[Date "2023.10.13"]
[Round "4"]
[White "Da Silva, Luciana Maria Rocha"]
[Black "Caceres, Diego"]
[Result "0-1"]
[WhiteElo "1382"]
[BlackElo "2093"]
[PlyCount "52"]
[EventDate "2023.10.11"]
[EventType "swiss"]
[EventRounds "9"]
[EventCountry "BRA"]
[SourceTitle "Mega2024 Update 01"]
[Source "Chessbase"]
[SourceDate "2023.11.12"]
[SourceVersion "1"]
[SourceVersionDate "2023.11.12"]
[SourceQuality "1"]

1. e4 d5 2. exd5 Nf6 3. Nc3 Nxd5 4. Nxd5 Qxd5 5. Nf3 Nc6 6. Be2 e5 7. d3 Bf5 8. 0-0 0-0-0 9. Bg5 f6 10. Be3 g5 11. Ne1 Qd7 12. a3 h5 13. c3 Kb8 14. b4 g4 15. Qa4 Nd4 16. Qd1 Nxe2+ 17. Qxe2 h4 18. d4 Bd6 19. Rd1 e4 20. c4 Rdg8 21. c5 Bxh2+ 22. Kxh2 g3+ 23. Kh1 h3 24. Kg1 hxg2 25. Nxg2 Rh1+ 26. Kxh1 Qh7+ 0-1

[Event "Sao Paulo Total op"]
[Site "Sao Paulo"]
[Date "2020.12.19"]
[Round "3"]
[White "Diamant, Andre"]
[Black "Caceres, Diego"]
[Result "1-0"]
[WhiteElo "2540"]
[BlackElo "2127"]
[PlyCount "87"]
[EventDate "2020.12.18"]
[EventType "swiss"]
[EventRounds "5"]
[EventCountry "BRA"]
[SourceTitle "EXT 2022"]
[Source "ChessBase"]
[SourceDate "2021.10.06"]
[SourceVersion "1"]
[SourceVersionDate "2021.10.06"]
[SourceQuality "1"]

1. e4 e6 2. d4 d5 3. Nd2 Nf6 4. e5 Nfd7 5. Ngf3 c5 6. c3 Nc6 7. Bd3 Be7 8. 0-0 g5 9. dxc5 Ndxe5 10. Nxe5 Nxe5 11. Bb5+ Bd7 12. Bxd7+ Nxd7 13. b4 Qc7 14. Nf3 Rg8 15. Nd4 a6 16. Qe2 Bf6 17. f4 g4 18. Be3 h5 19. Rad1 h4 20. f5 e5 21. Nb3 h3 22. g3 0-0-0 23. Rxd5 e4 24. Bf4 Ne5 25. c4 Nf3+ 26. Kh1 Qe7 27. Bd6 Qe8 28. Rfd1 e3 29. R1d3 Bg5 30. c6 bxc6 31. Ra5 Rxd6 32. Rxd6 Qe4 33. Nc5 Qb1+ 34. Rd1 Qxb4 35. Nb3 Rd8 36. Rxd8+ Kxd8 37. Rxa6 c5 38. Rd6+ Ke7 39. Rd1 Qc3 40. Nxc5 Nd4 41. Qxg4 e2 42. Qxg5+ Ke8 43. Qg8+ Ke7 44. f6+ 1-0

[Event "American Continental 15th"]
[Site "Sao Paulo"]
[Date "2019.07.13"]
[Round "11"]
[White "Aranha Filho, Alvaro Zimmermann"]
[Black "Caceres, Diego"]
[Result "1-0"]
[WhiteElo "2320"]
[BlackElo "2087"]
[PlyCount "65"]
[EventDate "2019.07.05"]
[EventType "swiss"]
[EventRounds "11"]
[EventCountry "BRA"]
[SourceTitle "CBM 191 Extra"]
[Source "ChessBase"]
[SourceDate "2019.09.30"]
[SourceVersion "1"]
[SourceVersionDate "2019.09.30"]
[SourceQuality "1"]

1. d4 Nf6 2. c4 d6 3. Nc3 Nbd7 4. e4 e5 5. d5 g6 6. Be2 Nc5 7. Qc2 a5 8. Bg5 Bg7 9. h4 h6 10. Be3 h5 11. 0-0-0 Ng4 12. Bxg4 Bxg4 13. f3 Bd7 14. Kb1 Na6 15. g3 Qe7 16. Nge2 0-0 17. Qd2 f5 18. exf5 Bxf5+ 19. Ne4 b6 20. N2c3 Bxe4+ 21. fxe4 Rf3 22. g4 hxg4 23. h5 gxh5 24. Rxh5 Raf8 25. Rg5 g3 26. Ne2 Rf1 27. Nxg3 Rxd1+ 28. Qxd1 Rf4 29. Qh5 Qf7 30. Bxf4 Qxf4 31. Qe8+ Qf8 32. Qg6 Qf7 33. Nf5 1-0

[Event "American Continental 15th"]
[Site "Sao Paulo"]
[Date "2019.07.10"]
[Round "8"]
[White "Caceres, Diego"]
[Black "Albuquerque, Wellington S Jr"]
[Result "1/2-1/2"]
[WhiteElo "2087"]
[BlackElo "2204"]
[PlyCount "134"]
[EventDate "2019.07.05"]
[EventType "swiss"]
[EventRounds "11"]
[EventCountry "BRA"]
[SourceTitle "CBM 191 Extra"]
[Source "ChessBase"]
[SourceDate "2019.09.30"]
[SourceVersion "1"]
[SourceVersionDate "2019.09.30"]
[SourceQuality "1"]

1. d4 Nf6 2. c4 c5 3. d5 b5 4. Qc2 g6 5. e4 d6 6. Nf3 Bg7 7. cxb5 a6 8. Nc3 0-0 9. a4 Bb7 10. Bc4 axb5 11. Nxb5 e6 12. dxe6 Bxe4 13. exf7+ Kh8 14. Qb3 d5 15. Be2 Rxf7 16. 0-0 Rb7 17. Bf4 Nc6 18. Qa3 Nh5 19. Bg5 Qf8 20. Be3 d4 21. Ng5 Bd5 22. Bd2 Nf4 23. Bf3 Nb4 24. Bxd5 Nfxd5 25. Qh3 Bf6 26. Ne4 Be7 27. Bh6 Qf5 28. Qxf5 gxf5 29. Ned6 Bxd6 30. Nxd6 Rba7 31. Nxf5 Rxa4 32. Rxa4 Rxa4 33. Re1 Kg8 34. Nd6 Ra8 35. h4 Rd8 36. Nb7 Rc8 37. Re5 Rc6 38. Bd2 c4 39. Rg5+ Kf8 40. Nd8 Rd6 41. Nb7 Rc6 42. Nd8 Rd6 43. Nb7 Rc6 44. Nd8 c3 45. bxc3 dxc3 46. Rf5+ Ke8 47. Bxc3 Rxc3 48. Ne6 Rc6 49. Ng5 h6 50. Ne4 Re6 51. f3 Ne3 52. Rf6 Rxf6 53. Nxf6+ Kf7 54. Ne4 Nf5 55. g3 Nd3 56. Kg2 Nd4 57. g4 Ne1+ 58. Kh3 Nexf3 59. g5 h5 60. Ng3 Kg6 61. Nxh5 Kxh5 62. g6 Nf5 63. g7 Nxg7 64. Kg3 Ne5 65. Kf4 Ng6+ 66. Ke4 Kg4 67. h5 Nxh5 1/2-1/2

[Event "American Continental 15th"]
[Site "Sao Paulo"]
[Date "2019.07.09"]
[Round "6"]
[White "Caceres, Diego"]
[Black "Jodorcovsky Werjivker, Paulo"]
[Result "0-1"]
[WhiteElo "2087"]
[BlackElo "2228"]
[PlyCount "48"]
[EventDate "2019.07.05"]
[EventType "swiss"]
[EventRounds "11"]
[EventCountry "BRA"]
[SourceTitle "CBM 191 Extra"]
[Source "ChessBase"]
[SourceDate "2019.09.30"]
[SourceVersion "1"]
[SourceVersionDate "2019.09.30"]
[SourceQuality "1"]

1. d4 Nf6 2. c4 e6 3. Nc3 Bb4 4. f3 0-0 5. e4 d5 6. e5 Nfd7 7. cxd5 exd5 8. f4 c5 9. Nf3 cxd4 10. Qxd4 Nc6 11. Qf2 d4 12. Nxd4 Ndxe5 13. Nxc6 Nxc6 14. Be2 Nd4 15. Kf1 Bf5 16. Be3 Nxe2 17. Nxe2 Qd3 18. a3 Rfe8 19. axb4 Rxe3 20. Ra3 Qb1+ 21. Qe1 Qe4 22. Rxe3 Qxe3 23. Qf2 Qd3 24. Qg3 Re8 0-1

[Event "American Continental 15th"]
[Site "Sao Paulo"]
[Date "2019.07.08"]
[Round "5"]
[White "Tsuboi, Edson Kenji"]
[Black "Caceres, Diego"]
[Result "1/2-1/2"]
[WhiteElo "2233"]
[BlackElo "2087"]
[PlyCount "89"]
[EventDate "2019.07.05"]
[EventType "swiss"]
[EventRounds "11"]
[EventCountry "BRA"]
[SourceTitle "CBM 191 Extra"]
[Source "ChessBase"]
[SourceDate "2019.09.30"]
[SourceVersion "1"]
[SourceVersionDate "2019.09.30"]
[SourceQuality "1"]

1. e4 c5 2. Nf3 g6 3. d4 cxd4 4. Nxd4 Nc6 5. c4 Bg7 6. Be3 Nf6 7. Nc3 d6 8. Be2 0-0 9. 0-0 Bd7 10. Re1 Nxd4 11. Bxd4 Bc6 12. Bd3 a5 13. b3 Nd7 14. Bxg7 Kxg7 15. Qd2 Nc5 16. Rad1 Qb6 17. Re3 h5 18. Bc2 Rad8 19. Nd5 Bxd5 20. exd5 e5 21. dxe6 fxe6 22. Kh1 Rf6 23. f3 e5 24. Ree1 Rdf8 25. Qe3 Qc6 26. Be4 Qc7 27. Bd5 Rf4 28. a3 b6 29. Qc3 Kh7 30. b4 axb4 31. axb4 Nd7 32. Re4 Nf6 33. Rxf4 Nxd5 34. Rxd5 Rxf4 35. c5 bxc5 36. bxc5 Rd4 37. Rxd4 exd4 38. Qxd4 dxc5 39. Qc4 Qe5 40. g3 Qe1+ 41. Kg2 Qd2+ 42. Kf1 Qd1+ 43. Kf2 Qd2+ 44. Kf1 Qd1+ 45. Kf2 1/2-1/2

[Event "American Continental 15th"]
[Site "Sao Paulo"]
[Date "2019.07.07"]
[Round "3"]
[White "Barria Zuniga, Daniel"]
[Black "Caceres, Diego"]
[Result "1/2-1/2"]
[WhiteElo "2379"]
[BlackElo "2087"]
[PlyCount "67"]
[EventDate "2019.07.05"]
[EventType "swiss"]
[EventRounds "11"]
[EventCountry "BRA"]
[SourceTitle "CBM 191 Extra"]
[Source "ChessBase"]
[SourceDate "2019.09.30"]
[SourceVersion "1"]
[SourceVersionDate "2019.09.30"]
[SourceQuality "1"]

1. Nf3 Nf6 2. c4 g6 3. Nc3 Bg7 4. e4 d6 5. d4 0-0 6. Be2 Nbd7 7. e5 Ne8 8. Bf4 c6 9. Qd2 dxe5 10. dxe5 Nc7 11. 0-0-0 Ne6 12. Bg3 Qa5 13. Qe3 Qb6 14. Qe4 Ndc5 15. Qe3 a5 16. Rd2 a4 17. Rhd1 a3 18. b3 Qb4 19. Rc2 Nxb3+ 20. axb3 Nc5 21. Nd4 Nxb3+ 22. Nxb3 Qxb3 23. Na2 Qa4 24. Qb6 Bf5 25. Bd3 Be6 26. f4 Bg4 27. Rdd2 Qa5 28. Qxa5 Rxa5 29. Rc3 b5 30. cxb5 cxb5 31. Rc5 Rb8 32. Bc4 Bf5 33. Bb3 Raa8 34. Rd4 1/2-1/2

[Event "American Continental 15th"]
[Site "Sao Paulo"]
[Date "2019.07.05"]
[Round "1"]
[White "Gareyev, Timur"]
[Black "Caceres, Diego"]
[Result "1-0"]
[WhiteElo "2588"]
[BlackElo "2087"]
[PlyCount "61"]
[EventDate "2019.07.05"]
[EventType "swiss"]
[EventRounds "11"]
[EventCountry "BRA"]
[SourceTitle "CBM 191 Extra"]
[Source "ChessBase"]
[SourceDate "2019.09.30"]
[SourceVersion "1"]
[SourceVersionDate "2019.09.30"]
[SourceQuality "1"]

1. Nf3 Nf6 2. c4 g6 3. Nc3 Bg7 4. e4 d6 5. d4 0-0 6. Be2 e5 7. 0-0 Nbd7 8. Re1 Re8 9. Bf1 exd4 10. Nxd4 Nc5 11. f3 Nfd7 12. Be3 Ne5 13. Qd2 Bd7 14. Rad1 Na4 15. Nxa4 Bxa4 16. b3 Bd7 17. Bg5 Bf6 18. Bxf6 Qxf6 19. f4 Nc6 20. Nb5 Qd8 21. h3 Ne7 22. Nc3 Be6 23. e5 Nf5 24. Ne4 dxe5 25. Qf2 Qe7 26. fxe5 Red8 27. g4 Ng7 28. Nf6+ Kh8 29. Qh4 h5 30. Qg5 Qc5+ 31. Kh1 1-0

[Event "Bogota University op 9th"]
[Site "Bogota"]
[Date "2015.10.08"]
[Round "2"]
[White "Caceres, Diego"]
[Black "Guzman Mendez, Roosevelt"]
[Result "0-1"]
[WhiteElo "2127"]
[BlackElo "1603"]
[PlyCount "58"]
[EventDate "2015.10.08"]
[EventType "swiss"]
[EventRounds "9"]
[EventCountry "COL"]
[SourceTitle "CBM 168 Extra"]
[Source "ChessBase"]
[SourceDate "2015.10.29"]
[SourceVersion "1"]
[SourceVersionDate "2015.10.29"]
[SourceQuality "1"]

1. e4 Nf6 2. Nc3 d5 3. e5 d4 4. Nce2 Ng4 5. f4 d3 6. cxd3 Qxd3 7. Nf3 Nc6 8. Nc3 Qd8 9. Bb5 Bd7 10. 0-0 e6 11. d4 Nh6 12. Be3 Nf5 13. Qd2 Nb4 14. Bd3 Nxd3 15. Qxd3 Nxe3 16. Qxe3 Bc6 17. Rad1 Bb4 18. a3 Ba5 19. b4 Bb6 20. Kh1 Qd7 21. Ne4 Bxe4 22. Qxe4 Qd5 23. Qc2 Rd8 24. Ng5 Z0 25. Qc3 0-0 26. Qd3 g6 27. Qh3 f5 28. exf6 Rxf6 29. Z0 Rd7 0-1

[Event "Joao Pessoa op 6th"]
[Site "Joao Pessoa"]
[Date "2015.03.14"]
[Round "4"]
[White "Caceres, Diego"]
[Black "Carvalho, Herbert Abreu"]
[Result "1-0"]
[WhiteElo "2110"]
[BlackElo "2185"]
[PlyCount "107"]
[EventDate "2015.03.13"]
[EventType "swiss"]
[EventRounds "6"]
[EventCountry "BRA"]
[SourceTitle "CBM 165 Extra"]
[Source "ChessBase"]
[SourceDate "2015.04.21"]
[SourceVersion "1"]
[SourceVersionDate "2015.04.21"]
[SourceQuality "1"]

1. d4 Nf6 2. Bg5 Ne4 3. Bh4 d5 4. f3 Nd6 5. Nc3 Nc4 6. Rb1 Ne3 7. Qd2 Nxf1 8. Kxf1 g6 9. Bg5 h6 10. Bf4 Bg7 11. h4 c6 12. Nh3 Qb6 13. e3 Nd7 14. Bg3 e5 15. Bf2 0-0 16. g4 f5 17. g5 h5 18. Kg2 Qc7 19. Bg3 f4 20. exf4 exd4 21. Ne2 Qb6 22. Bf2 c5 23. c3 d3 24. Qxd3 Qc6 25. b4 b6 26. Ng3 Bb7 27. bxc5 bxc5 28. Rxb7 Qxb7 29. Qxg6 Qb6 30. Qxh5 Bxc3 31. f5 Rf7 32. f6 Rh7 33. Qg4 Ne5 34. Qf5 Kh8 35. Nf4 Nf7 36. Nxd5 Qb2 37. g6 Nd6 38. g7+ Rxg7 39. fxg7+ Bxg7 40. Qh5+ Kg8 41. Nf5 Nxf5 42. Qxf5 Bd4 43. Qg6+ Kf8 44. Qf5+ Kg8 45. Rf1 Re8 46. Qg6+ Kf8 47. Nc7 Re2 48. Ne6+ Ke7 49. Nxd4 cxd4 50. Qg7+ Ke6 51. Kg1 Kd5 52. Rd1 Rxf2 53. Qxd4+ Kc6 54. Qxf2 1-0

[Event "BOL-ch"]
[Site "Santa Cruz de la Sierra"]
[Date "2014.05.11"]
[Round "9"]
[White "Caceres, Diego"]
[Black "Ferrufino, Boris"]
[Result "1/2-1/2"]
[WhiteElo "2113"]
[BlackElo "2147"]
[PlyCount "147"]
[EventDate "2014.05.07"]
[EventType "swiss"]
[EventRounds "9"]
[EventCountry "BOL"]
[SourceTitle "CBM 160 Extra"]
[Source "ChessBase"]
[SourceDate "2014.07.01"]
[SourceVersion "1"]
[SourceVersionDate "2014.07.01"]
[SourceQuality "1"]

1. e4 c5 2. Nf3 Nc6 3. d4 cxd4 4. Nxd4 Nf6 5. Nc3 e5 6. Ndb5 d6 7. Bg5 a6 8. Na3 b5 9. Nd5 Be7 10. Bxf6 Bxf6 11. c4 b4 12. Nc2 0-0 13. Qf3 Be6 14. Be2 Be7 15. Ndxb4 Nxb4 16. Nxb4 Qb6 17. Nd5 Bxd5 18. cxd5 Qb4+ 19. Kf1 Qxb2 20. Rd1 Qxa2 21. g3 Rfb8 22. Kg2 a5 23. Ra1 Qb3 24. Rhc1 Qxf3+ 25. Bxf3 Rb2 26. Bd1 g6 27. Ra4 Bg5 28. Rc6 Rd2 29. Bb3 Be3 30. Rc2 Rxc2 31. Bxc2 Bd2 32. Rc4 Bb4 33. Ba4 Bc5 34. f4 f6 35. Kf3 Rb8 36. fxe5 fxe5 37. Kg4 Rb2 38. h4 h5+ 39. Kh3 Ra2 40. Be8 Kg7 41. Ra4 Re2 42. Rxa5 Bg1 43. g4 hxg4+ 44. Kxg4 Rxe4+ 45. Kg3 Kh6 46. Ra1 Bd4 47. Rf1 Kh5 48. Rf5+ Kh6 49. Rf6 Bc5 50. Rxg6+ Kh7 51. h5 Rd4 52. Bf7 e4 53. Kg4 Rd1 54. Kf5 Rf1+ 55. Ke6 e3 56. Rg2 Rf2 57. Bg6+ Kh6 58. Rxf2 exf2 59. Bd3 Kxh5 60. Kf5 Kh4 61. Kf4 Kh3 62. Kf3 Kh2 63. Bf1 Bb6 64. Ke2 Kg3 65. Kd3 Kf3 66. Bh3 Kg3 67. Bf1 Kh2 68. Ke2 Bc5 69. Kf3 Bb6 70. Ke2 Kh1 71. Kf3 Kh2 72. Ke2 Kg3 73. Kd3 Kf4 74. Ke2 1/2-1/2

[Event "BOL-ch"]
[Site "Santa Cruz de la Sierra"]
[Date "2014.05.10"]
[Round "7"]
[White "Caceres, Diego"]
[Black "Monroy Carrizo, Javier"]
[Result "1/2-1/2"]
[WhiteElo "2113"]
[BlackElo "2104"]
[PlyCount "103"]
[EventDate "2014.05.07"]
[EventType "swiss"]
[EventRounds "9"]
[EventCountry "BOL"]
[SourceTitle "CBM 160 Extra"]
[Source "ChessBase"]
[SourceDate "2014.07.01"]
[SourceVersion "1"]
[SourceVersionDate "2014.07.01"]
[SourceQuality "1"]

1. e4 c5 2. Nf3 Nc6 3. d4 cxd4 4. Nxd4 g6 5. Nc3 Bg7 6. Be3 Nf6 7. Nxc6 bxc6 8. e5 Ng8 9. Bd4 e6 10. Ne4 Qa5+ 11. Bc3 Qd5 12. Nd6+ Kf8 13. Qxd5 exd5 14. 0-0-0 Ne7 15. f4 a5 16. h4 h5 17. g3 Nf5 18. Nxf5 gxf5 19. Bd4 Ke7 20. c4 Ba6 21. cxd5 cxd5 22. Bxa6 Rxa6 23. Bc3 Ke6 24. Rd3 Bh6 25. Rhd1 Rg8 26. Rxd5 Bf8 27. R1d3 Rxg3 28. Rxd7 Rxd3 29. Rxd3 Be7 30. Kc2 Rc6 31. Kb3 a4+ 32. Kxa4 Rc4+ 33. Kb5 Rxf4 34. a4 Bxh4 35. Bd4 Bf2 36. Bxf2 Rxf2 37. b4 Ra2 38. a5 Kxe5 39. a6 f4 40. Kb6 Ke4 41. Rh3 f3 42. Rxh5 f2 43. Rh1 Kf3 44. a7 Kg2 45. Rb1 f5 46. Kb7 f4 47. a8Q Rxa8 48. Kxa8 f1Q 49. Rxf1 Kxf1 50. b5 f3 51. b6 f2 52. b7 1/2-1/2

[Event "BOL-ch"]
[Site "Santa Cruz de la Sierra"]
[Date "2014.05.10"]
[Round "8"]
[White "Celis, Kevin"]
[Black "Caceres, Diego"]
[Result "0-1"]
[WhiteElo "2090"]
[BlackElo "2113"]
[PlyCount "56"]
[EventDate "2014.05.07"]
[EventType "swiss"]
[EventRounds "9"]
[EventCountry "BOL"]
[SourceTitle "CBM 160 Extra"]
[Source "ChessBase"]
[SourceDate "2014.07.01"]
[SourceVersion "1"]
[SourceVersionDate "2014.07.01"]
[SourceQuality "1"]

1. e4 e6 2. d4 d5 3. Nc3 Nf6 4. e5 Nfd7 5. f4 c5 6. Nf3 Nc6 7. Be3 Be7 8. Qd2 b6 9. 0-0-0 c4 10. f5 b5 11. Bg5 b4 12. Nb5 Qa5 13. Bxe7 Qxb5 14. Bd6 Nb6 15. Qg5 Rg8 16. f6 g6 17. Qh6 Bd7 18. Qxh7 0-0-0 19. Qxf7 Qa5 20. Kb1 c3 21. Ne1 cxb2 22. Kxb2 Na4+ 23. Kc1 Nc3 24. Kd2 Nxd4 25. Bd3 b3 26. axb3 Ne4+ 27. Ke3 Nf5+ 28. Kf3 Ng5+ 0-1

[Event "BOL-ch"]
[Site "Santa Cruz de la Sierra"]
[Date "2014.05.07"]
[Round "1"]
[White "Caceres, Diego"]
[Black "Cueto Chajtur, Johny"]
[Result "1/2-1/2"]
[WhiteElo "2113"]
[BlackElo "2286"]
[PlyCount "118"]
[EventDate "2014.05.07"]
[EventType "swiss"]
[EventRounds "9"]
[EventCountry "BOL"]
[SourceTitle "CBM 160 Extra"]
[Source "ChessBase"]
[SourceDate "2014.07.01"]
[SourceVersion "1"]
[SourceVersionDate "2014.07.01"]
[SourceQuality "1"]

1. d4 Nf6 2. Nf3 d6 3. c4 Bg4 4. Nc3 Nbd7 5. g3 e5 6. Bg2 c6 7. h3 Bh5 8. g4 Bg6 9. Nh4 Be7 10. Nxg6 hxg6 11. 0-0 Nh7 12. d5 c5 13. f4 a6 14. f5 gxf5 15. Rxf5 Bg5 16. Ne4 Be7 17. Qd3 g6 18. Rf1 Ndf6 19. Bd2 Qd7 20. Rab1 0-0 21. Bh6 Rfc8 22. Ng5 Nxg5 23. Bxg5 Nh7 24. Be3 Bg5 25. Be4 Bxe3+ 26. Qxe3 Kg7 27. Rf2 Qe7 28. Rbf1 Rf8 29. Kg2 Ng5 30. Rf6 Nxe4 31. Qxe4 Qxf6 32. Rxf6 Kxf6 33. Qf3+ Kg7 34. Qb3 b5 35. cxb5 Rfb8 36. b6 Rb7 37. g5 Rab8 38. Qf3 Rxb6 39. b3 R8b7 40. Qf6+ Kg8 41. h4 Rd7 42. Kg3 Rb4 43. e3 a5 44. Kh3 a4 45. h5 gxh5 46. g6 axb3 47. gxf7+ Kf8 48. Qh6+ Kxf7 49. Qe6+ Kf8 50. Qxd7 b2 51. Qd8+ Kf7 52. Qd7+ Kg8 53. Qe6+ Kg7 54. Qe7+ Kg6 55. Qe6+ Kg5 56. Qe7+ Kf5 57. Qh7+ Kg5 58. Qe7+ Kf5 59. Qh7+ Kg5 1/2-1/2

[Event "Paraiban-ch op 2nd"]
[Site "Joao Pessoa"]
[Date "2010.08.08"]
[Round "5"]
[White "Caceres, Diego"]
[Black "Brito, Luismar Jorge"]
[Result "0-1"]
[WhiteElo "2063"]
[BlackElo "2345"]
[PlyCount "72"]
[EventDate "2010.08.06"]
[EventType "swiss"]
[EventRounds "6"]
[EventCountry "BRA"]
[SourceTitle "CBM 137 Extra"]
[Source "ChessBase"]
[SourceDate "2010.09.01"]
[SourceVersion "1"]
[SourceVersionDate "2010.09.01"]
[SourceQuality "1"]

1. e4 b6 2. d4 Bb7 3. Bd3 e6 4. Nf3 Nf6 5. Qe2 c5 6. c3 cxd4 7. cxd4 Nc6 8. a3 d5 9. e5 Ne4 10. Nbd2 Nxd2 11. Bxd2 Be7 12. 0-0 g5 13. Be3 h5 14. Rac1 Rc8 15. Nd2 Nxe5 16. Rxc8 Bxc8 17. dxe5 d4 18. Bxd4 Qxd4 19. Nb3 Qd5 20. Bc4 Qa8 21. Rd1 Bb7 22. f3 g4 23. fxg4 Rg8 24. h3 hxg4 25. hxg4 a6 26. Nd4 Rg6 27. b4 b5 28. Bd3 Rg5 29. Rf1 Bxg2 30. Rf4 Bd5 31. Qh2 Qb8 32. Qh8+ Bf8 33. Qf6 Rg7 34. Bg6 Qc7 35. Nxe6 Qb6+ 36. Nd4 Rxg6 0-1